|
|
|
|
| LEADER |
00000nam0a2200000 4500 |
| 001 |
371975 |
| 005 |
20231102012431.0 |
| 035 |
|
|
|a (RuTPU)RU\TPU\retro\29389
|
| 090 |
|
|
|a 371975
|
| 100 |
|
|
|a 20221205d1979 km y0rusy50 ca
|
| 101 |
0 |
|
|a rus
|
| 102 |
|
|
|a RU
|
| 105 |
|
|
|a a g 001zy
|
| 200 |
1 |
|
|a Справочник строителя линейных сооружений связи железнодорожного транспорта
|f под ред. В. И. Соболева
|
| 210 |
|
|
|a Москва
|c Транспорт
|d 1979
|
| 215 |
|
|
|a 400 с.
|c ил.
|
| 320 |
|
|
|a Предметный указатель: с. 392-394
|
| 606 |
1 |
|
|a Линии связи железнодорожные
|x Постройка
|2 stltpush
|3 (RuTPU)RU\TPU\subj\40215
|9 60076
|
| 610 |
1 |
|
|a связь
|
| 610 |
1 |
|
|a кабельные линии
|
| 610 |
1 |
|
|a сооружение
|
| 610 |
1 |
|
|a воздушные линии
|
| 610 |
1 |
|
|a строительство
|
| 610 |
1 |
|
|a кабели
|
| 610 |
1 |
|
|a провода
|
| 610 |
1 |
|
|a арматура
|
| 610 |
1 |
|
|a электрические характеристики
|
| 610 |
1 |
|
|a конструктивные данные
|
| 610 |
1 |
|
|a материалы
|
| 610 |
1 |
|
|a монтаж
|
| 610 |
1 |
|
|a работы
|
| 610 |
1 |
|
|a механизация
|
| 610 |
1 |
|
|a справочники
|
| 675 |
|
|
|a 656.254(035)
|v 4
|
| 702 |
|
1 |
|a Соболев
|b В. И.
|4 340
|
| 801 |
|
1 |
|a RU
|b 63413507
|c 20221205
|
| 942 |
|
|
|c BK
|